Vẽ kỹ thuật xây dựng :

Cuốn vẽ kỹ thuật xây dựng gồm 2 phần : Những kiến thức cơ bản về Vẽ kỹ thuật và Vẽ Xây dựng

Na minha lista:
Detalhes bibliográficos
Autor principal: Phạm, Thị Lan
Formato: Livro
Idioma:Undetermined
Publicado em: Hà Nội Giáo dục Việt Nam 2017
Assuntos:
Tags: Adicionar Tag
Sem tags, seja o primeiro a adicionar uma tag!
Thư viện lưu trữ: Trung tâm Học liệu Trường Đại học Cần Thơ
LEADER 00782nam a2200217Ia 4500
001 CTU_227174
008 210402s9999 xx 000 0 und d
020 |c 103000 
082 |a 692.1 
082 |b L105 
100 |a Phạm, Thị Lan 
245 0 |a Vẽ kỹ thuật xây dựng : 
245 0 |c Phạm Thị Lan (Chủ biên) 
260 |a Hà Nội 
260 |b Giáo dục Việt Nam 
260 |c 2017 
520 |a Cuốn vẽ kỹ thuật xây dựng gồm 2 phần : Những kiến thức cơ bản về Vẽ kỹ thuật và Vẽ Xây dựng 
650 |a Architectural drawing,Bản vẽ kiến trúc 
650 |x Technique,Kỹ thuật 
910 |a Tuyến 
980 |a Trung tâm Học liệu Trường Đại học Cần Thơ